<?xml version="1.0" encoding="UTF-8"?>
<record
    xmlns:xsi="http://www.w3.org/2001/XMLSchema-instance"
    xsi:schemaLocation="http://www.loc.gov/MARC21/slim http://www.loc.gov/standards/marcxml/schema/MARC21slim.xsd"
    xmlns="http://www.loc.gov/MARC21/slim">

  <leader>00717nam a22002177a 4500</leader>
  <controlfield tag="005">20251008145653.0</controlfield>
  <controlfield tag="008">251008b        |||||||| |||| 00| 0 eng d</controlfield>
  <datafield tag="020" ind1=" " ind2=" ">
    <subfield code="a">9788194368878</subfield>
  </datafield>
  <datafield tag="040" ind1=" " ind2=" ">
    <subfield code="c">AL</subfield>
  </datafield>
  <datafield tag="041" ind1=" " ind2=" ">
    <subfield code="a">Konkani/Devanagari</subfield>
  </datafield>
  <datafield tag="082" ind1=" " ind2=" ">
    <subfield code="a">891.46301</subfield>
    <subfield code="b">QUAS</subfield>
  </datafield>
  <datafield tag="100" ind1=" " ind2=" ">
    <subfield code="a">Valley Quadros Ed</subfield>
    <subfield code="9">241782</subfield>
  </datafield>
  <datafield tag="100" ind1=" " ind2=" ">
    <subfield code="9">241781</subfield>
    <subfield code="d">&#xCB5;&#xCB2;&#xCCD;&#xCB2;&#xCBF; &#xC95;&#xCCD;&#xCB5;&#xCBE;&#xCA1;&#xCCD;&#xCB0;&#xCB8;&#xCCD; Ed</subfield>
  </datafield>
  <datafield tag="245" ind1=" " ind2=" ">
    <subfield code="a">Sureo udela</subfield>
    <subfield code="b">: &#xCB8;&#xCC2;&#xCB0;&#xCCD;&#xCAF;&#xCCB; &#xC89;&#xCA6;&#xCC6;&#xCB2;&#xCBE; </subfield>
  </datafield>
  <datafield tag="260" ind1=" " ind2=" ">
    <subfield code="a">Mangalore</subfield>
    <subfield code="b">Ashawadi Prakashan</subfield>
    <subfield code="c">2025</subfield>
  </datafield>
  <datafield tag="300" ind1=" " ind2=" ">
    <subfield code="a">209p.</subfield>
    <subfield code="b">PB</subfield>
    <subfield code="c">21x14cm</subfield>
  </datafield>
  <datafield tag="365" ind1=" " ind2=" ">
    <subfield code="2">Konkani</subfield>
    <subfield code="a">K-S-30</subfield>
    <subfield code="b">280.00</subfield>
    <subfield code="c">&#x20B9;</subfield>
    <subfield code="d">350.00</subfield>
    <subfield code="e">20%</subfield>
    <subfield code="f">30-09-2025</subfield>
  </datafield>
  <datafield tag="650" ind1=" " ind2=" ">
    <subfield code="a">Konkani Fiction</subfield>
    <subfield code="9">241778</subfield>
  </datafield>
  <datafield tag="650" ind1=" " ind2=" ">
    <subfield code="a">National Level Konkani Short Stories</subfield>
    <subfield code="9">241779</subfield>
  </datafield>
  <datafield tag="942" ind1=" " ind2=" ">
    <subfield code="2">ddc</subfield>
    <subfield code="c">BK</subfield>
  </datafield>
  <datafield tag="999" ind1=" " ind2=" ">
    <subfield code="c">240525</subfield>
    <subfield code="d">240525</subfield>
  </datafield>
  <datafield tag="952" ind1=" " ind2=" ">
    <subfield code="0">0</subfield>
    <subfield code="1">0</subfield>
    <subfield code="2">ddc</subfield>
    <subfield code="4">0</subfield>
    <subfield code="7">0</subfield>
    <subfield code="8">KON</subfield>
    <subfield code="a">AL</subfield>
    <subfield code="b">AL</subfield>
    <subfield code="c">SSS</subfield>
    <subfield code="d">2025-10-03</subfield>
    <subfield code="e">Ashawadi Prakashana, Maharashtra-400701</subfield>
    <subfield code="g">280.00</subfield>
    <subfield code="l">0</subfield>
    <subfield code="o">891.46301 QUAS</subfield>
    <subfield code="p">077892</subfield>
    <subfield code="r">2025-10-08 14:51:38</subfield>
    <subfield code="v">350.00</subfield>
    <subfield code="w">2025-09-30</subfield>
    <subfield code="y">BK</subfield>
  </datafield>
  <datafield tag="952" ind1=" " ind2=" ">
    <subfield code="0">0</subfield>
    <subfield code="1">0</subfield>
    <subfield code="2">ddc</subfield>
    <subfield code="4">0</subfield>
    <subfield code="7">0</subfield>
    <subfield code="8">KON</subfield>
    <subfield code="a">AL</subfield>
    <subfield code="b">AL</subfield>
    <subfield code="c">SSS</subfield>
    <subfield code="d">2025-10-03</subfield>
    <subfield code="e">Ashawadi Prakashana, Maharashtra-400701</subfield>
    <subfield code="g">280.00</subfield>
    <subfield code="l">0</subfield>
    <subfield code="o">891.46301 QUAS</subfield>
    <subfield code="p">077893</subfield>
    <subfield code="r">2025-10-08 14:51:38</subfield>
    <subfield code="v">350.00</subfield>
    <subfield code="w">2025-09-30</subfield>
    <subfield code="y">BK</subfield>
  </datafield>
  <datafield tag="952" ind1=" " ind2=" ">
    <subfield code="0">0</subfield>
    <subfield code="1">0</subfield>
    <subfield code="2">ddc</subfield>
    <subfield code="4">0</subfield>
    <subfield code="7">0</subfield>
    <subfield code="8">KON</subfield>
    <subfield code="a">AL</subfield>
    <subfield code="b">AL</subfield>
    <subfield code="c">SK</subfield>
    <subfield code="d">2025-10-03</subfield>
    <subfield code="e">Ashawadi Prakashana, Maharashtra-400701</subfield>
    <subfield code="g">280.00</subfield>
    <subfield code="l">0</subfield>
    <subfield code="o">891.46301 QUAS</subfield>
    <subfield code="p">077894</subfield>
    <subfield code="r">2025-10-08 14:51:38</subfield>
    <subfield code="v">350.00</subfield>
    <subfield code="w">2025-09-30</subfield>
    <subfield code="y">BK</subfield>
  </datafield>
</record>
